[Event "IOM Open-Masters 2017"]
[Site "Douglas"]
[Date "2017.09.25"]
[Round "3"]
[White "Mannion, Stephen R"]
[Black "Salomon, Johan"]
[Result "0-1"]
[WhiteElo "2320"]
[BlackElo "2476"]
[Annotator "TA"]
[PlyCount "106"]
[EventDate "2017.??.??"]
[EventType "swiss"]
[EventCountry "GBR"]
[SourceTitle "playchess.com"]
[Source "ChessBase"]
[SourceQuality "1"]

{[%evp 15,106,0,47,41,50,44,53,5,11,17,33,-22,-18,-10,-14,-43,0,0,0,0,0,0,27,-47,-34,-77,-55,-69,-46,-55,-32,-19,0,0,0,0,12,-117,-77,-175,-172,-201,-196,-196,-196,-184,-122,-147,-160,-165,-165,-165,-165,-175,-174,-167,-88,-88,-34,-159,-147,-281,-146,-481,-176,-169,-162,-164,-126,-126,-126,-126,-126,-563,-477,-1010,-947,-1003,-917,-1357,-1022,-2065,-1753,-29980,-29981,-29977,-29978,-29985,-29986,-29986,-29987,-29987,-29988]} 1. e4 c5 2. Nf3 d6 3. d4 cxd4 4. Nxd4 Nf6 5. Nc3 a6 6. h3 e5 7. Nb3 Be7 {B90: Sicilian Najdorf: Unusual White 6th moves, 6 Be3 Ng4 and 6 Be3 e5} (7... Be6 8. f4 Nbd7 9. g4 Rc8 10. f5 Bxb3 11. axb3 d5 12. exd5 Bb4 13. Bg2 Qb6 14. Bd2 e4 15. Qe2 {1-0 (33) Anand,V (2779)-Vachier Lagrave,M (2804) London 2016}) 8. Be3 h5 {LiveBook: 3 Games} 9. Be2 Be6 {White is slightly better.} 10. O-O Nbd7 11. Qd2 b5 {[%cal Bb7b5,Bb5b4][%mdl 32]} 12. Bf3 $146 ({Predecessor:} 12. Rad1 O-O 13. f4 Rc8 14. Bf3 Qc7 15. Rc1 Nb6 {0-1 (40) Zhou,Q (2367)-Reizniece,D (2243) Baku 2016}) 12... Nb6 13. Bxb6 (13. Na5 $1 $14) 13... Qxb6 $11 14. a4 b4 15. Nd5 Nxd5 (15... Bxd5 {seems wilder.} 16. exd5 O-O 17. a5 Qb7 18. Qd3 Rfc8) 16. exd5 Bf5 17. a5 Qb7 18. Rfe1 Rc8 19. Rac1 (19. Be4 $11 g6 20. f4) 19... g6 20. g4 hxg4 21. hxg4 Bd7 {...Rc4 is the strong threat.} 22. Re4 Rb8 23. Nc5 Qb5 24. Nxd7 Kxd7 25. Ra1 f5 26. Ree1 (26. Be2 $1 $11 {was the only way to keep the balance.} Qb7 27. Rc4) 26... Rh4 27. Qd3 (27. Kg2 $17) 27... e4 $1 $36 {[%cal Re4d3][%mdl 2048] Black is on the roll.} ({But not} 27... fxg4 28. Qxb5+ Rxb5 29. Be4 $15) 28. Qxb5+ Rxb5 29. Be2 Rxd5 30. Bxa6 Bd8 (30... Rxg4+ $19 31. Kf1 Bd8) 31. gxf5 gxf5 {Strongly threatening ...f4.} 32. Bb7 Rxa5 33. Rxa5 Bxa5 {[%mdl 4096] Endgame KRB-KRB} 34. f3 {[%cal Rf3e4] [#]} e3 $1 {[%mdl 512]} 35. Kg2 {[#]} (35. Rxe3 Bb6) 35... Bb6 ({Better is} 35... f4 $1 $19 36. Ba6 Rh5) 36. Ba6 $17 Ke6 (36... f4 $17 37. Rh1 Rxh1 38. Kxh1 {[#]} b3 $1 {[%mdl 512]} 39. cxb3 Bd4) 37. b3 (37. Kg3 $15 Rh8 38. Bd3) 37... Ke5 38. Bd3 (38. Kg3 $17 {was the only defense.} Rh6 39. f4+ Kd4 40. Bd3) 38... Kf4 (38... f4 $19 39. Bc4 Rh6) 39. Rd1 $2 {[%mdl 8192]} (39. Be2 $17) 39... Rh6 $2 (39... Rh8 40. Bc4 Rc8) 40. Be2 $19 Rg6+ 41. Kh2 Bc5 42. Rd5 Rg5 43. Rd1 Rg3 44. Rf1 $2 {[%mdl 8192]} (44. Rd5 $17) 44... Bd4 45. Bd1 (45. Rg1 $142 Rxf3 46. Rg2) 45... Be5 46. Be2 Rg7 47. Kh3 Rc7 48. Bd1 Rc5 49. Kg2 {[#]} e2 $1 {[%mdl 512] Black mates.} 50. Bxe2 Rxc2 51. Kf2 Bd4+ 52. Ke1 Ke3 53. Rf2 Rc1+ {Precision: White = 26%, Black = 55%.} 0-1

[Event "IOM Open-Masters 2017"]
[Site "Douglas"]
[Date "2017.09.25"]
[Round "3"]
[White "Ojas, Kulkarni"]
[Black "Praggnanandhaa, R."]
[Result "1/2-1/2"]
[WhiteElo "2289"]
[BlackElo "2500"]
[Annotator "TA"]
[PlyCount "60"]
[EventDate "2017.??.??"]
[EventType "swiss"]
[EventCountry "GBR"]
[SourceTitle "playchess.com"]
[Source "ChessBase"]
[SourceQuality "1"]

{[%evp 24,60,37,17,22,0,0,-52,41,37,39,39,46,59,46,54,40,51,65,28,50,52,87,102,227,227,355,302,992,0,349,0,973,0,341,0,941,0,273]} 1. e4 e5 2. Nf3 Nc6 3. d4 exd4 4. Nxd4 Nf6 5. Nxc6 bxc6 6. e5 Qe7 7. Qe2 Nd5 8. c4 Nb6 9. Nc3 Qe6 10. Qe4 g6 {C45: Scotch Game} 11. Bd2 Bg7 12. c5 Nd5 13. Bc4 {[%cal Rc3d5,Bf1c4,Bc4d5,Bd5b3][%mdl 32] LiveBook: 7 Games} Bb7 (13... Qxe5 14. Qxe5+ Bxe5 15. Bxd5 cxd5 16. O-O-O O-O 17. Nxd5 Rb8 18. Bc3 Bxc3 19. Nxc3 {1-0 (49) Yu,Y (2729)-Dominguez Perez,L (2739) Doha 2016}) 14. f4 O-O 15. O-O-O $146 (15. O-O $11) ({Predecessor:} 15. O-O d6 16. cxd6 cxd6 17. Rae1 Nxc3 18. bxc3 {1-0 (27) Plant,K (1800)-Valverde,A (2068) IECG email 2004}) 15... Qe7 (15... d6 $1 $15 16. Qf3 dxe5) 16. Nxd5 $14 cxd5 17. Bxd5 Qxc5+ 18. Bc3 c6 19. Bb3 $1 d5 20. exd6 {Threatens to win with Qc4.} Bxc3 21. bxc3 {aiming for Qb4.} Qxc3+ 22. Kb1 Ba6 23. Qc2 $36 {[%mdl 2048] White is really pushing.} Qb4 (23... Qxc2+ $16 24. Kxc2 Rfe8) 24. f5 $18 {[#] fxg6 is the strong threat.} ({Weaker is} 24. Qxc6 Be2 $14) 24... Kh8 (24... Kg7 $142 25. Rhe1 c5) 25. Qb2+ Kg8 $2 (25... f6 26. fxg6 Rad8) 26. Qc2 $2 (26. fxg6 hxg6 27. Rd4 Qxd4 28. Qxd4) 26... Kh8 27. Qb2+ $2 (27. fxg6 hxg6 28. d7 (28. Qxc6 Be2 $16)) 27... Kg8 $1 28. Qc2 $2 {[#]} (28. fxg6 hxg6 29. Rd4 Qxd4 30. Qxd4) 28... Kh8 29. Qb2+ $2 (29. fxg6 hxg6 30. h4 (30. Qxc6 Be2 $16)) 29... Kg8 $1 30. Qc2 $2 (30. fxg6 c5 31. gxf7+ Rxf7 32. d7) 30... Kh8 {[%mdl 32768] Precision: White = 25%, Black = 53%. . An unexpected result.} 1/2-1/2

[Event "IOM Open-Masters 2017"]
[Site "Douglas"]
[Date "2017.09.25"]
[Round "3"]
[White "L'Ami, Alina"]
[Black "Visakh, N R"]
[Result "1-0"]
[WhiteElo "2286"]
[BlackElo "2458"]
[Annotator "TA"]
[PlyCount "111"]
[EventDate "2017.??.??"]
[EventType "swiss"]
[EventCountry "GBR"]
[SourceTitle "playchess.com"]
[Source "ChessBase"]
[SourceQuality "1"]

{[%evp 14,111,4,-11,22,27,27,9,2,3,16,16,18,14,10,-21,0,0,0,-6,-4,-6,0,0,69,6,28,39,266,265,251,260,275,279,368,358,447,427,402,265,272,214,212,196,207,207,212,212,210,208,204,185,187,187,187,178,192,167,177,102,177,168,192,165,157,152,181,183,175,171,157,150,138,149,158,142,143,125,168,161,5410,4299,29952,29954,29957,29958,29956,29959,29949,12754,29967,29968,29970,29970,29973,29974,29974,29974,29973,29975]} 1. d4 d5 2. c4 e6 3. Nf3 Nf6 4. Nc3 Bb4 5. Qa4+ Nc6 6. a3 Bxc3+ 7. bxc3 Bd7 8. Qc2 {LiveBook: 3 Games. D38: Queen's Gambit Declined: Ragozin Defence (4 Nf3 Bb4)} h6 9. e3 O-O 10. Bd3 {White has an edge.} dxc4 11. Bxc4 Na5 12. Bd3 $146 ({Predecessor:} 12. Be2 c5 13. a4 cxd4 14. cxd4 Rc8 15. Qb2 Nc4 16. Bxc4 Rxc4 {0-1 (50) Miton,K (2596)-Bartel,M (2601) Prievidza 2009}) 12... c5 13. Ne5 Rc8 14. Qd1 Be8 15. O-O Nd7 16. f4 cxd4 17. cxd4 Nxe5 18. fxe5 Bc6 ({Black should play} 18... Qd5 $11) 19. Ra2 (19. Bd2 $14) 19... Qd5 20. Raf2 $36 {[%mdl 2048] White has the initiative.} Bb5 $2 (20... Rc7 $1 $14) 21. e4 $18 Qxd4 22. Bxb5 Qxd1 23. Rxd1 Rc5 24. a4 Rxe5 25. Ba3 Rc8 26. Rfd2 Nc6 27. Bxc6 Rxc6 28. Rd8+ Kh7 29. R8d7 Rxe4 30. Rxf7 {Black must now prevent Bf8.} Rc2 31. Bf8 Kg8 32. Rdf1 ({Weaker is} 32. Rxg7+ Kxf8 33. Rxb7 Ke8 $14) 32... Rg4 33. g3 Rc1 34. Bd6 {Rf8+ is the strong threat.} ({Don't take} 34. Rxb7 $6 Rxf1+ 35. Kxf1 Kxf8 $14) 34... Rxf1+ 35. Rxf1 Rxa4 {[%mdl 4096] Endgame KRB-KR} 36. Rf8+ Kh7 {[#]} 37. Rf7 $1 b5 38. Rb7 a6 39. Bf8 Rg4 40. Kg2 Kg8 41. Bd6 g5 42. Re7 Rc4 43. Kf3 h5 44. Rxe6 Kf7 45. Re7+ Kf6 46. Rc7 Rxc7 $2 (46... g4+ 47. Ke3 Rxc7 48. Bxc7 Ke6) 47. Bxc7 {KB-KP} b4 48. Ke4 b3 49. Bd8+ Kg6 50. Kd3 Kf5 51. Kc3 g4 52. Kxb3 {White mates.} Ke4 53. Ka4 Kf3 54. Ka5 Kg2 55. Kxa6 Kxh2 {[#]} 56. Bh4 $1 {Precision: White = 74%, Black = 45%.} 1-0

[Event "IOM Open-Masters 2017"]
[Site "Douglas"]
[Date "2017.09.25"]
[Round "3"]
[White "Balint, Vilmos"]
[Black "Birkisson, Bardur Orn"]
[Result "0-1"]
[WhiteElo "2281"]
[BlackElo "2164"]
[Annotator "NA"]
[PlyCount "80"]
[EventDate "2017.??.??"]
[EventType "swiss"]
[EventCountry "GBR"]
[SourceTitle "playchess.com"]
[Source "ChessBase"]
[SourceQuality "1"]
[TimeControl "40/6000+30:20/3000+30:900+30"]

1. e4 e5 2. Nf3 Nc6 3. Bc4 Bc5 4. d3 Nf6 5. O-O d6 6. c3 Bb6 7. a4 a5 8. h3 h6 9. Na3 O-O 10. Ba2 Re8 11. Nc4 Ba7 12. Re1 Be6 13. Qc2 Nh5 14. Qe2 Qf6 15. Nh2 Nf4 16. Bxf4 Qxf4 17. Qf3 Qg5 18. Ne3 Ne7 19. g3 Rf8 20. h4 Qg6 21. h5 Qg5 22. Bxe6 fxe6 23. Qg4 Qf6 24. Re2 d5 25. Kg2 Rad8 26. Rf1 d4 27. cxd4 Rxd4 28. f4 Rxd3 29. fxe5 Qxe5 30. Nc4 Qc5 31. Qxe6+ Kh7 32. Ne3 Rxf1 33. Nhxf1 Qxh5 34. Ng4 Qg5 35. Nfh2 h5 36. Qc4 Rd4 37. Qxc7 hxg4 38. Qxb7 Rd2 39. Kf1 Rd1+ 40. Re1 Qe3 0-1

[Event "IOM Open-Masters 2017"]
[Site "Douglas"]
[Date "2017.09.25"]
[Round "3"]
[White "Loew, Gerald"]
[Black "Zumsande, Martin"]
[Result "1/2-1/2"]
[WhiteElo "2262"]
[BlackElo "2471"]
[Annotator "TA"]
[PlyCount "82"]
[EventDate "2017.??.??"]
[EventType "swiss"]
[EventCountry "GBR"]
[SourceTitle "playchess.com"]
[Source "ChessBase"]
[SourceQuality "1"]

{[%evp 33,82,0,0,-27,-29,-29,-20,-12,-14,-47,-24,-36,-41,-38,0,-145,-145,-146,-154,-153,-141,-139,-141,-122,-111,-109,0,0,0,0,0,0,0,-15,0,0,0,0,0,-14,-15,-18,0,0,0,0,0,0,0,0,0]} 1. c4 e6 2. g3 d5 3. Bg2 Nf6 4. Nf3 Be7 5. O-O O-O 6. b3 b6 7. Bb2 Bb7 8. e3 dxc4 9. bxc4 c5 10. Qe2 Nc6 11. Nc3 a6 12. Rfd1 Qc7 13. Rab1 Rab8 14. Ba1 Rfd8 15. d3 {A14: English Opening: 1...e6 with b3 by White} Na7 16. a4 Nc6 17. Ne1 Nb4 {LiveBook: 10 Games} 18. g4 $146 ({Predecessor:} 18. f4 Bxg2 19. Kxg2 Ne8 20. Nf3 Nd6 21. Na2 Nc6 22. e4 {0-1 (37) Drasko,M (2478)-Svetushkin,D (2621) Porto Carras 2011}) 18... Bxg2 19. Kxg2 Qc6+ 20. Kg1 Rb7 {[%cal Bb8b7,Bb7d7,Bd7d3][%mdl 32]} 21. Rd2 Rbd7 22. Rbd1 Ne8 $36 {[%mdl 2048] Black has the initiative.} 23. f4 h6 24. Nf3 {[#]} (24. e4 $11 {keeps the balance.}) 24... Rxd3 $1 $17 {[%mdl 512]} 25. Ne5 (25. Rxd3 Rxd3) 25... Rxd2 26. Nxc6 Rxe2 27. Nxe7+ Kf8 28. Rxd8 Re1+ 29. Kf2 Kxe7 {[#]} (29... Rxa1 $17 30. Nc8 Rc1) 30. Rxe8+ $1 $11 {[%mdl 512] The position is equal.} Kxe8 31. Kxe1 {Black must now prevent Ke2.} Nc2+ 32. Kd1 Nxa1 {[%mdl 4096] Endgame [#] KN-KN} 33. a5 $1 {[%mdl 512]} Kd7 ({Much weaker is} 33... bxa5 $6 34. Na4 $16) 34. axb6 Kc6 35. Na4 Nb3 36. Kc2 Na5 37. Kd3 f5 38. g5 Nb7 39. e4 Nd6 40. e5 Ne4 41. h4 a5 {Precision: White = 63%, Black = 66%.} 1/2-1/2

[Event "IOM Open-Masters 2017"]
[Site "Douglas"]
[Date "2017.09.25"]
[Round "3"]
[White "Vignesh, B."]
[Black "Byron, Alan M"]
[Result "1-0"]
[WhiteElo "2260"]
[BlackElo "2074"]
[Annotator "NA"]
[PlyCount "95"]
[EventDate "2017.??.??"]
[EventType "swiss"]
[EventCountry "GBR"]
[SourceTitle "playchess.com"]
[Source "ChessBase"]
[SourceQuality "1"]
[TimeControl "40/6000+30:20/3000+30:900+30"]

1. e4 e5 2. Nf3 Nc6 3. Bc4 Nf6 4. d3 Be7 5. c3 O-O 6. Bb3 d6 7. Nbd2 Na5 8. Bc2 c5 9. O-O Nc6 10. Re1 Re8 11. Nf1 h6 12. Ng3 Bf8 13. h3 g6 14. Be3 d5 15. Qc1 Kh7 16. Nh2 d4 17. Bd2 Bg7 18. Rf1 Be6 19. Ba4 Rc8 20. c4 Bd7 21. a3 Nb8 22. Bd1 Nc6 23. b4 b6 24. b5 Ne7 25. f4 exf4 26. Bxf4 Be6 27. Ra2 Nd7 28. Raf2 Rf8 29. Ng4 Ng8 30. Be2 Ra8 31. Bf3 h5 32. Nh2 Ne5 33. Be2 a6 34. bxa6 Rxa6 35. Nf3 Nxf3+ 36. Bxf3 Bh6 37. e5 Qh4 38. Bxh6 Nxh6 39. Ne4 Nf5 40. Bxh5 Ne3 41. Rf4 Qe7 42. Bxg6+ Kxg6 43. R1f3 Bg4 44. Rxg4+ Nxg4 45. hxg4 Rh8 46. Rf6+ Kg7 47. Qg5+ Kf8 48. Nd6 1-0

[Event "IOM Open-Masters 2017"]
[Site "Douglas"]
[Date "2017.09.25"]
[Round "3"]
[White "Mueller, Philipp"]
[Black "Prueske, Wolfgang"]
[Result "1-0"]
[WhiteElo "2220"]
[BlackElo "2046"]
[Annotator "NA"]
[PlyCount "125"]
[EventDate "2017.??.??"]
[EventType "swiss"]
[EventCountry "GBR"]
[SourceTitle "playchess.com"]
[Source "ChessBase"]
[SourceQuality "1"]
[TimeControl "40/6000+30:20/3000+30:900+30"]

1. c4 e5 2. g3 Nf6 3. Bg2 c6 4. Nf3 e4 5. Nd4 d5 6. d3 Bc5 7. Nb3 Bb4+ 8. Bd2 Bxd2+ 9. Qxd2 dxc4 10. dxc4 Qxd2+ 11. N1xd2 e3 12. fxe3 Ng4 13. Bh3 O-O 14. Bxg4 Bxg4 15. h3 Bh5 16. Kf2 Nd7 17. c5 Rfe8 18. Rac1 Nf6 19. Rc4 Re7 20. Nd4 Bg6 21. Ra4 a6 22. Rc1 Rae8 23. Ra3 Nd5 24. Nc4 Nf6 25. Nd6 Ne4+ 26. Nxe4 Bxe4 27. Rc4 Bd5 28. Rb4 g6 29. Nf3 h6 30. Nd2 Kg7 31. Rd4 h5 32. Nc4 Bxc4 33. Rxc4 Re5 34. Rd3 R8e7 35. g4 hxg4 36. hxg4 Kh6 37. b4 Kg5 38. Rf4 Re4 39. Rxe4 Rxe4 40. a3 a5 41. bxa5 Rc4 42. Rd7 Rxc5 43. Rxf7 Rxa5 44. Rxb7 Rxa3 45. Rc7 Rc3 46. Kf3 Rc1 47. e4 Rc3+ 48. e3 Kf6 49. Kf4 g5+ 50. Kf3 Ke6 51. Rg7 Rc5 52. Rg6+ Kf7 53. Rd6 Ke7 54. Rh6 Rc2 55. e5 c5 56. Ke4 Rg2 57. Kf5 Rf2+ 58. Kxg5 Kd7 59. Rf6 Rg2 60. Rd6+ Kc7 61. Kf5 c4 62. Rd4 Rc2 63. e6 1-0

[Event "IOM Open-Masters 2017"]
[Site "Douglas"]
[Date "2017.09.25"]
[Round "3"]
[White "Lorscheid, Gerhard"]
[Black "Birkisson, Bjorn Holm"]
[Result "1-0"]
[WhiteElo "2192"]
[BlackElo "2023"]
[Annotator "NA"]
[PlyCount "69"]
[EventDate "2017.??.??"]
[EventType "swiss"]
[EventCountry "GBR"]
[SourceTitle "playchess.com"]
[Source "ChessBase"]
[SourceQuality "1"]
[TimeControl "40/6000+30:20/3000+30:900+30"]

1. g3 d5 2. Bg2 Nf6 3. Nf3 c5 4. c4 d4 5. b4 cxb4 6. a3 bxa3 7. Bxa3 Nc6 8. O-O e5 9. Bxf8 Kxf8 10. d3 g6 11. Nbd2 Kg7 12. Ra3 Qc7 13. Qa1 Nd7 14. e3 Rd8 15. exd4 Nxd4 16. Nxd4 exd4 17. Nf3 Nc5 18. Nxd4 f6 19. Nb5 Qf7 20. Rxa7 Rxa7 21. Qxa7 Nxd3 22. Qb6 Rd7 23. Nd6 Qf8 24. Nxc8 Qxc8 25. Bd5 Qc7 26. Qe6 Qd8 27. Qe3 b5 28. Ra1 Re7 29. Qxd3 bxc4 30. Qxc4 Rc7 31. Qd4 Rd7 32. Ra7 Rxa7 33. Qxa7+ Kh6 34. Qf7 Qd6 35. Qe6 1-0

[Event "IOM Open-Masters 2017"]
[Site "Douglas"]
[Date "2017.09.25"]
[Round "3"]
[White "Seyfried, Claus"]
[Black "Frank, Tena"]
[Result "1-0"]
[WhiteElo "2173"]
[BlackElo "2002"]
[Annotator "NA"]
[PlyCount "69"]
[EventDate "2017.??.??"]
[EventType "swiss"]
[EventCountry "GBR"]
[SourceTitle "playchess.com"]
[Source "ChessBase"]
[SourceQuality "1"]
[TimeControl "40/6000+30:20/3000+30:900+30"]

1. e4 c5 2. c3 Nf6 3. e5 Nd5 4. d4 cxd4 5. Nf3 d6 6. cxd4 Nc6 7. Bc4 dxe5 8. Nxe5 e6 9. O-O Qc7 10. Bxd5 exd5 11. Re1 Be6 12. Nc3 Be7 13. Bf4 Qb6 14. Nxc6 Qxc6 15. Rc1 O-O 16. Na4 Qa6 17. Rc7 Bb4 18. Re2 Rac8 19. Rxc8 Rxc8 20. a3 Bf8 21. h3 Bf5 22. Nc3 Qc4 23. Re5 Be6 24. Re3 b5 25. Be5 b4 26. axb4 Qxb4 27. Rg3 Qxb2 28. Qf3 Qc1+ 29. Kh2 Qh6 30. Nxd5 Bxd5 31. Qxd5 Qe6 32. Qb7 a6 33. d5 Qe8 34. Qxa6 Rc5 35. Qf6 1-0

[Event "IOM Open-Masters 2017"]
[Site "Douglas"]
[Date "2017.09.25"]
[Round "3"]
[White "Maloberti, David"]
[Black "Swayams, Mishra"]
[Result "0-1"]
[WhiteElo "2132"]
[BlackElo "2444"]
[Annotator "TA"]
[PlyCount "74"]
[EventDate "2017.??.??"]
[EventType "swiss"]
[EventCountry "GBR"]
[SourceTitle "playchess.com"]
[Source "ChessBase"]
[SourceQuality "1"]

{[%evp 24,74,-20,-86,-76,-77,-64,-60,-35,-25,-5,-5,19,-48,-8,-52,-8,-27,-22,-28,9,0,0,0,10,23,30,0,13,0,52,0,50,49,21,0,61,48,161,48,65,-564,-568,-907,-908,-826,-815,-944,-911,-1890,-1648,-29980,-29981]} 1. d4 Nf6 2. c4 e6 3. Nf3 b6 4. Bg5 {[%cal Bc1g5,Bg5h4,Bh4g3][%mdl 32]} Bb7 5. e3 h6 6. Bh4 Bb4+ 7. Nc3 g5 8. Bg3 Ne4 9. Qc2 Bxc3+ 10. bxc3 d6 11. Bd3 f5 12. O-O Nd7 {E13: Queen's Indian/Nimzo-Indian hybrid: 4 Nc3 Bb7 5 Bg5 h6 6 Bh4 Bb4} 13. Nd2 {[#] LiveBook: 5 Games} (13. a4 $11) 13... Nxd2 $1 $17 (13... Ndf6 14. f3 Nxg3 15. hxg3 Qe7 16. Rae1 g4 17. fxg4 fxg4 18. Bg6+ Kd8 19. Rf2 Qg7 20. Ref1 {½-½ (20) Pakleza,Z (2487)-Stopa,J (2482) Rethymno 2014}) 14. Qxd2 h5 {[%cal Bh6h5,Bh5h4][%mdl 32] Strongly threatening ...h4.Black is better.} 15. f3 h4 16. Be1 Qf6 17. e4 O-O-O 18. Qe2 $146 (18. exf5 $11 exf5 19. h3) ({Predecessor:} 18. Qc2 Rdf8 19. a4 a5 20. Bf2 {0-1 (35) Imburgia,G (1960)-Favaloro,A (2209) Erice 2016}) 18... Rdf8 19. Bd2 Kb8 20. exf5 exf5 21. Rae1 h3 {Threatens to win with ...hxg2.} 22. g3 $36 {[%mdl 2048] aiming for Qe7. White has the initiative.} f4 {White must now prevent ...fxg3.} 23. Qe7 Rf7 24. Qxf6 Nxf6 25. g4 Ba6 26. Re6 d5 (26... Rg8 $11) 27. Rfe1 ({White should play} 27. Bg6 $14 Rff8 28. Bc1) 27... dxc4 28. Bg6 Rff8 29. R6e5 Rhg8 (29... Rfg8 $1 $11 30. Bc2 (30. Rxg5 Rh6 $17) 30... Bc8) 30. Rxg5 $14 Bc8 {[#]} (30... Rg7 $1 $14) 31. Re7 ({Much worse is} 31. Bxf4 $6 Nxg4 32. Be4 Nf6 $11) ({Better is} 31. Ree5 $1 $18) 31... Nd7 32. Bf5 $2 {[%mdl 8192]} (32. Re6 $1 $14) 32... Rxg5 $19 33. Bxd7 Bxd7 34. Rxd7 Ra5 35. Re7 Rxa2 36. Be1 Rg2+ 37. Kh1 a5 {Precision: White = 24%, Black = 36%.} 0-1

[Event "IOM Open-Masters 2017"]
[Site "Douglas"]
[Date "2017.09.25"]
[Round "3"]
[White "Coathup, Roger H"]
[Black "Pranav, V."]
[Result "0-1"]
[WhiteElo "2125"]
[BlackElo "2372"]
[Annotator "NA"]
[PlyCount "78"]
[EventDate "2017.??.??"]
[EventType "swiss"]
[EventCountry "GBR"]
[SourceTitle "playchess.com"]
[Source "ChessBase"]
[SourceQuality "1"]
[TimeControl "40/6000+30:20/3000+30:900+30"]

1. d4 Nf6 2. c4 e6 3. Nc3 Bb4 4. e3 O-O 5. Bd3 b6 6. Nge2 Re8 7. O-O d5 8. cxd5 exd5 9. Ng3 c6 10. f3 Bd6 11. Nf5 Bxf5 12. Bxf5 c5 13. g4 Nc6 14. Bc2 h6 15. a3 cxd4 16. exd4 Nxd4 17. Ba4 b5 18. Kg2 Qb6 19. Bb3 Nxb3 20. Qxb3 d4 21. Nd1 Qc6 22. Nf2 Re2 23. Qd3 Rae8 24. g5 Nd5 25. Qxd4 Bc5 26. Qh4 Qg6 27. Kh1 hxg5 28. Qg3 Bxf2 29. Rxf2 Re1+ 30. Kg2 Nf4+ 31. Bxf4 Rxa1 32. Bxg5 Ree1 33. Kh3 Rg1 34. Rg2 Qh5+ 35. Bh4 Qf5+ 36. Qg4 Qxg4+ 37. Rxg4 Rxg4 38. fxg4 Rb1 39. Bf2 Rxb2 0-1

[Event "IOM Open-Masters 2017"]
[Site "Douglas"]
[Date "2017.09.25"]
[Round "3"]
[White "Pranav, Anand"]
[Black "Kiewra, Keaton"]
[Result "1/2-1/2"]
[WhiteElo "2106"]
[BlackElo "2433"]
[Annotator "TA"]
[PlyCount "71"]
[EventDate "2017.??.??"]
[EventType "swiss"]
[EventCountry "GBR"]
[SourceTitle "playchess.com"]
[Source "ChessBase"]
[SourceQuality "1"]

{[%evp 17,71,37,47,31,26,27,37,28,66,56,58,60,53,19,46,21,31,7,52,0,0,0,0,0,-3,-28,141,-41,-41,-58,0,-53,-18,-66,-29,-80,-73,-79,-4,-3,-2,-3,0,0,0,0,0,0,0,0,0,0,0,0,0,0]} 1. e4 c5 2. Nf3 d6 3. Bb5+ Nc6 4. Bxc6+ bxc6 5. O-O e5 6. c3 Nf6 7. Re1 Be7 8. d4 cxd4 {B51: Sicilian: Moscow Variation (3 Bb5+) without 3...Bd7} (8... Qc7 9. dxe5 dxe5 10. Nbd2 Ba6 {½-½ (10) Vazquez Igarza,R (2606)-Ipatov,A (2612) Montpellier 2015}) 9. cxd4 Qc7 {LiveBook: 13 Games} 10. h3 O-O {White is slightly better.} 11. Nc3 {[%cal Bb1c3,Bc3e2,Be2g3][%mdl 32]} Re8 $146 ({Predecessor:} 11... Rb8 12. Qc2 Be6 13. Be3 {1-0 (32) Kritz,L (2476)-Schebler,G (2484) Germany 2003}) 12. Qc2 Bb7 13. Bg5 Rac8 14. Rad1 h6 15. Bc1 Nd7 16. Ne2 Bf8 17. Ng3 g6 18. h4 ({Better is} 18. dxe5 $14 Nxe5 19. Nxe5 dxe5 20. Be3) 18... exd4 $11 19. Nxd4 h5 20. Bf4 Ne5 21. Re3 Bg7 $2 {[#]} (21... c5 $11 22. Bxe5 Rxe5) 22. Bxe5 $2 (22. Ndf5 $1 $16 {[%mdl 512]}) 22... Rxe5 23. Rc3 Ra5 (23... a6 $15) 24. b4 ({White should try} 24. Qd2 $11) 24... Re5 $1 $15 25. Rc4 Bf8 26. Nxc6 (26. b5 $11 {remains equal.}) 26... Bxc6 $17 27. Rc1 {[%cal Rc4c6]} d5 (27... Qb7 $17 {And now ...Bxe4! would win.} 28. Rxc6 Rxc6 29. Qxc6 Qxb4) 28. exd5 $11 {The position is equal.} Rxd5 29. a3 Qb6 {[#] ...Rd6 is the strong threat.} 30. Rxc6 Rxc6 31. Qxc6 Rd1+ 32. Nf1 {aiming for Qxb6.} Rxc1 33. Qxc1 a5 34. bxa5 Qxa5 35. Ng3 Qxa3 36. Qf4 {Precision: White = 47%, Black = 45%.} 1/2-1/2